Pensar la ciudad desde la educación. Documento del seminario Proyecto educativo de ciudad. Curso 97/98
Descripción Física:
124 p. ; 24 cm
Colección:
Temas de educación ; 12
Materias:
Educació
MARC
| LEADER | 00000nam a2200000Ia 4500 | ||
|---|---|---|---|
| 001 | 12204 | ||
| 008 | 160829s1999 xx 000 0 cat d | ||
| 080 | |a E-1-69 | ||
| 245 | |a Pensar la ciudad desde la educación. Documento del seminario Proyecto educativo de ciudad. Curso 97/98 | ||
| 260 | |a Barcelona : |b Diputació de Barcelona. Àrea d'Educació, |c 1999 | ||
| 300 | |a 124 p. ; |c 24 cm | ||
| 490 | |a Temas de educación ; 12 | ||
| 590 | |a També en català: E-1-68 | ||
| 650 | |a Educació |9 25969 | ||
| 710 | |a Barcelona (Catalunya : Província). |b Àrea d'Educació |9 8009 | ||
| 901 | |a Arxiu | ||
| 942 | |n 1 | ||
| 952 | |0 0 |1 0 |4 0 |6 E169 |7 1 |9 41959 |a Arxiu |b Arxiu |d 2016-12-01 |l 0 |o E-1-69 |p 12204 |r 2016-12-01 00:00:00 |w 2016-12-01 |y ARXIU | ||
| 999 | |c 44406 |d 44406 | ||